000 00354nam a2200133 i 4500
001 bg
100 1 _aTrajdos, Tadeusz
_d(1922-2002).
245 1 0 _aFunkcje analityczne i przekształcenia całkowe /
_cTadeusz Trajdos-Wróbel.
260 _aWarszawa,
_c1963.
040 _cBPK
041 _apol
942 _cKS
008 s pl f |000 0 pol
999 _c26170
_d26170
856 _uhttp://koha.tu.koszalin.pl/cgi-bin/koha/opac-detail.pl?biblionumber=26170
_yKatalog online BPK